000 00903cab a2200277 4500
001 ABS56280
008 090401t1996 xxu||||| |||| 00| 0 eng d
035 _a(Sirsi) u22504
041 _aeng
100 _aRichards, T.
245 _aValuing contaminated land and property: theory and practice
260 _c1996
350 _a0
490 _aJournal of Property Valuation and Investment
_v14(4) 1996, 6-17(12)
520 _aReviews contaminated land valuation theory from the USA and the UK. Explores issues which need to be considered and addressed when valuing contaminated land. References.
650 _aCONTAMINATED LAND
650 _aCOST TO CORRECT VALUATION APPROACH
650 _aRESEARCH
650 _aREVERSIONARY FREEHOLD
650 _aSTIGMA
650 _aVALUATION APPROACH
650 _aVALUE
690 _aRATING AND VALUATION
942 _n0
948 _c04/03/1997
999 _c15079
_d15079